ՀՀ Գիտությունների ազգային ակադեմիայի հիմնարար գիտական գրադարան  =   Fundamental Scientific Library of NAS RA

Սոցիալիստական գիտակցության դերը սովետական սոցիալիստական հասարակության զարգացման գործում : (Record no. 13572)

MARC details
000 -LEADER
fixed length control field 00998-am-a2200205-a-4500
001 - CONTROL NUMBER
control field 000029838
003 - CONTROL NUMBER IDENTIFIER
control field AM-YEHGA
005 - DATE AND TIME OF LATEST TRANSACTION
control field 20250618070930.0
008 - FIXED-LENGTH DATA ELEMENTS--GENERAL INFORMATION
fixed length control field 001102s1953 ai ||||| |||| 00| 0 arm d
040 ## - CATALOGING SOURCE
Original cataloging agency AM-YeHGA
041 1# - LANGUAGE CODE
Language code of text/sound track or separate title arm
Language code of original rus
090 ## - LOCALLY ASSIGNED LC-TYPE CALL NUMBER (OCLC); LOCAL CALL NUMBER (RLIN)
-- 13677
100 1# - MAIN ENTRY--PERSONAL NAME
Personal name Գուբանով, Ն.Ի.
245 10 - TITLE STATEMENT
Title Սոցիալիստական գիտակցության դերը սովետական սոցիալիստական հասարակության զարգացման գործում :
Remainder of title Մեթոդական խորհուրդներ դասախոսին /
Statement of responsibility, etc. Ն.Ի. Գուբանով ; ՀՍՍՌ քաղաք. և գիտ. գիտելիքների տարած. ընկերություն.
260 ## - PUBLICATION, DISTRIBUTION, ETC.
Place of publication, distribution, etc. Երևան :
Name of publisher, distributor, etc. ՀՍՍՀ ԳԱ հրատ.,
Date of publication, distribution, etc. 1953.
300 ## - PHYSICAL DESCRIPTION
Extent 40 էջ
650 14 - SUBJECT ADDED ENTRY--TOPICAL TERM
Topical term or geographic name entry element Կոմունիստական դաստիարակություն
9 (RLIN) 4637
710 2# - ADDED ENTRY--CORPORATE NAME
Corporate name or jurisdiction name as entry element Հայկական ՍՍՌ քաղաքական և գիտական գիտելիքների տարածման ընկերություն
942 ## - ADDED ENTRY ELEMENTS (KOHA)
Source of classification or shelving scheme Universal Decimal Classification
Koha item type Գրքեր / Books
Holdings
Withdrawn status Lost status Damaged status Not for loan Collection Home library Current library Date acquired Total checkouts Full call number Barcode Date last seen Cost, replacement price Price effective from Koha item type Public note
        General Fundamental Scientific Library Fundamental Scientific Library 21/12/2016   AII/5209 FL0023530 21/12/2016 1.00 21/12/2016 Գրքեր / Books 30 Days Loan
        General Fundamental Scientific Library Fundamental Scientific Library 21/12/2016   AII/5210 FL0023531 21/12/2016 1.00 21/12/2016 Գրքեր / Books 30 Days Loan
        General Fundamental Scientific Library Fundamental Scientific Library 21/12/2016   AII/5211 FL0023532 21/12/2016 1.00 21/12/2016 Գրքեր / Books 30 Days Loan


ՀՀ ԳԱԱ հիմնարար գիտական գրադարան
ՀՀ,Երևան 0019
Մարշալ Բաղրամյան 24/6
հեռախոս:(374-10) 52-47-50
Հետադարձ կապ

All site content, except where otherwise noted, is licensed under a
Creative Commons License